000 01000nas a2200253Ia 4500
001 R142/B7047
003 IT-RoPAU
008 151124c99999999xx |||||||||||| ||und||
040 _aIT-RoPAU
040 _cIT-RoPAU
041 _aFRANCESE
100 _aMayere Anne
_gCodice Aut. SPICS: 34255
210 _aRESEAUX
222 _aReseaux
245 _aRESEAUX, N.058 (MARZO/APRILE 1993)
_bLogiques D'Information, Logiques De Service
250 _a1a ed.
260 _aPARIS
_bCNET
_c1993
501 _bPaulus - SPICS - Società San Paolo EM (non-commercial uses only)
_cCopyright2015
300 _a19 p. [27-45]
362 _aN.058 (MARZO/APRILE 1993)
500 _aLogiche D'Informazione e di Servizio. Dimensioni Dimenticate da Riconsiderare. Modello dell'Industria Manifatturiera. Digressione Pittorica per Pensare la Differenza tra Prodotti e Servizi D'Informazione. Produzione D'Informazione O di Servizi: una Tensio
650 _aCOMUNICAZIONE
_vPUBBLICAZIONE PERIODICA
942 _cCR
999 _c192399
_d192399